| 000 | 00705cam a2200253 4500 | ||
|---|---|---|---|
| 001 | 49936 | ||
| 003 | BD-RjUL | ||
| 005 | 20211209075432.0 | ||
| 008 | 160823s1974 mau b 001 0 eng | ||
| 020 | _a0395177871 | ||
| 035 | _a(BD-RjUL)50056 | ||
| 040 |
_aDLC _cDLC _dDLC _beng |
||
| 041 | _aeng | ||
| 082 | 0 | 0 |
_a375.0008 _bVAC 1974 |
| 100 | 1 |
_aVan Til, William, _9149657 |
|
| 245 | 1 | 0 |
_aCurriculum: quest for relevance / _cWilliam Van Til |
| 250 | _a2d ed. | ||
| 260 |
_aBoston : _bHoughton Mifflin, _c1974 |
||
| 300 |
_axii, 432 p. ; _c24 cm. |
||
| 504 | _aIncludes bibliographical references. | ||
| 650 | 0 |
_aEducation _xCurricula. _9126765 |
|
| 942 |
_2ddc _cBK |
||
| 999 |
_c49936 _d49936 |
||